000
00333nam a2200133 a 4500
005
20140310183132.0
008
030204s19uu xx 00 eng d
022
_2
1854716204
050
_a
GC 9
_b
.B154 1995
245
_a
The Illustrated dictionary of Oceanography /
650
_a
Oceanography
942
_c
BK
_2
lcc
999
_c
19190
_d
19190